Statistics for Famous film star charcters

Click here to take the quiz!

General Stats

  • This quiz has been taken 19 times
  • The average score is 6 of 15

Answer Stats

CharacterActor? ActressFilm their from% Correct
Rubeus HagridRobbie ColtraneHarry Potter
100%
BelleEmma WatsonBeauty And The Beast
73%
Dr. Smolder BravestoneDwayne JohnsonJumanji
60%
Bella SwanKristen StewartTwilight
60%
Danny ZukoJohn TravoltaGrease
53%
Elle Evansjoey KingThe kissing Booth
40%
Damon SalvatoreIan SomerholderThe Vampire Diaries
40%
Jade WestElizabeth GillesVictorious
33%
Peter KavinskiNoah CentineoTo All The Boys I've Loved Before
27%
Donna SheridanMeryl StreepMamma mia
20%
SpikeJacob BertrandCobra Kai
13%
Anna ColemanLindsay LohanFreaky Friday
13%
CassieSofia CarsonPurple Hearts
13%
Arthur KippsDaniel RadcliffeThe Woman In Black
13%
Mr poppyMarc James WootenThe Nativity
7%

Score Distribution

Percentile by Number Answered

Percent of People with Each Score

Your Score History

You have not taken this quiz